[Event "Zuerich op-A 39th"]
[Site "Zuerich"]
[Date "2015.12.27"]
[Round "2"]
[White "Kheit, Wahbi"]
[Black "Bindrich, Falko"]
[Result "1-0"]
[WhiteElo "2306"]
[BlackElo "2583"]
[PlyCount "103"]
[EventDate "2015.12.26"]
[EventType "swiss"]
[EventRounds "7"]
[EventCountry "SUI"]
[SourceTitle "CBM 170 Extra"]
[Source "ChessBase"]
[SourceDate "2016.02.25"]
[SourceVersion "1"]
[SourceVersionDate "2016.02.25"]
[SourceQuality "1"]

1. e4 c5 2. Nc3 Nc6 3. Bb5 Nd4 4. Nf3 g6 5. 0-0 Bg7 6. d3 Nxb5 7. Nxb5 a6 8. Nc3 d6 9. Qe2 e5 10. Bd2 Ne7 11. Rab1 0-0 12. a4 Nc6 13. Nd5 Bg4 14. c3 f5 15. b4 cxb4 16. Nxb4 Ne7 17. Bg5 h6 18. Bxe7 Qxe7 19. Nd5 Qf7 20. Rb3 Rab8 21. Rfb1 Qd7 22. Rb6 Kh8 23. a5 Bh5 24. Qe3 fxe4 25. Qxe4 g5 26. c4 Rf7 27. Nd2 Qe6 28. Qe3 Bg6 29. Ne4 Bxe4 30. Qxe4 Rbf8 31. f3 g4 32. fxg4 Qc8 33. h3 Qc5+ 34. Kh2 Rf1 35. Rxf1 Rxf1 36. Qe3 Qxa5 37. Rxd6 Qe1 38. Qxe1 Rxe1 39. Nf6 Bxf6 40. Rxf6 Re3 41. Rxh6+ Kg8 42. Rb6 e4 43. dxe4 Rxe4 44. Rxb7 Rxc4 45. Ra7 Ra4 46. g5 a5 47. Kg3 Ra2 48. h4 a4 49. h5 Ra3+ 50. Kg4 Ra2 51. g3 a3 52. g6 1-0

[Event "Hastings Masters op 90th"]
[Site "Hastings"]
[Date "2015.01.06"]
[Round "9"]
[White "Kheit, Wahbi"]
[Black "Hunt, Adam"]
[Result "1-0"]
[WhiteElo "2223"]
[BlackElo "2437"]
[PlyCount "67"]
[EventDate "2014.12.29"]
[EventType "swiss"]
[EventRounds "9"]
[EventCountry "ENG"]
[SourceTitle "CBM 164 Extra"]
[Source "ChessBase"]
[SourceDate "2015.03.02"]
[SourceVersion "1"]
[SourceVersionDate "2015.03.02"]
[SourceQuality "1"]

1. Nf3 Nf6 2. c4 g6 3. d4 Bg7 4. g3 0-0 5. Bg2 d6 6. 0-0 Nc6 7. d5 Na5 8. Nfd2 c5 9. Qc2 Bf5 10. e4 Bd7 11. Nc3 a6 12. b3 b5 13. Bb2 Rb8 14. Rab1 e5 15. Ne2 Nh5 16. Bc3 b4 17. Bb2 f5 18. f4 Qe7 19. fxe5 dxe5 20. a3 Nb7 21. axb4 cxb4 22. Bh3 f4 23. Bxd7 Qxd7 24. Nf3 fxg3 25. Nxg3 Qh3 26. Ng5 Qg4 27. Ne6 Nxg3 28. hxg3 Qxg3+ 29. Qg2 Qe3+ 30. Kh2 Qh6+ 31. Kg3 Bf6 32. Qe2 Nd6 33. Kg2 Rf7 34. Rxf6 1-0

[Event "Hastings Masters op 90th"]
[Site "Hastings"]
[Date "2014.12.29"]
[Round "1"]
[White "Kheit, Wahbi"]
[Black "Gormally, Daniel"]
[Result "0-1"]
[WhiteElo "2223"]
[BlackElo "2499"]
[PlyCount "108"]
[EventDate "2014.12.29"]
[EventType "swiss"]
[EventRounds "9"]
[EventCountry "ENG"]
[SourceTitle "CBM 164 Extra"]
[Source "ChessBase"]
[SourceDate "2015.03.02"]
[SourceVersion "1"]
[SourceVersionDate "2015.03.02"]
[SourceQuality "1"]

1. e4 c5 2. Nf3 d6 3. d4 cxd4 4. Nxd4 Nf6 5. Nc3 a6 6. Nf3 Nbd7 7. Be2 e6 8. 0-0 b5 9. Qd4 e5 10. Qe3 Bb7 11. b4 Be7 12. Nh4 g6 13. a4 bxa4 14. h3 0-0 15. Rxa4 Nb6 16. Ra3 d5 17. Rd1 Nfd7 18. Nf3 d4 19. Nxd4 exd4 20. Qxd4 Bf6 21. Qd2 Re8 22. f3 Qc7 23. Qd6 Qxd6 24. Rxd6 Be7 25. Rd4 a5 26. Rxa5 Rxa5 27. bxa5 Bc5 28. Be3 Bxd4 29. Bxd4 Na8 30. a6 Bc6 31. Nb5 Rb8 32. c4 Nf8 33. Kf2 Ne6 34. Ba7 Rd8 35. Nc3 f5 36. Nd5 Kf7 37. Be3 fxe4 38. fxe4 Rb8 39. Kf3 Rb3 40. Kf2 Nac7 41. a7 Ra3 42. g3 Na6 43. Bg4 Nac5 44. Bxe6+ Nxe6 45. Ke2 Bb7 46. Kd2 Nd8 47. Nc3 Nc6 48. Bc5 Ra1 49. Nb5 Ke6 50. Be3 Ne5 51. Bd4 Nf3+ 52. Ke3 Nxd4 53. Kxd4 Bc6 54. a8Q Bxa8 0-1